Кой кой е в средновековна България (Запис номер 4838)
[ съкратено ]
| 000 -Лидер | |
|---|---|
| Контролно поле с фиксирана дължина | 01922nam a2200457 c 4500 |
| 003 - Код на организацията, давaща контролен номер | |
| Контролно поле | BLK |
| 005 - Дата и час на последна редакция | |
| Контролно поле | 20230406152435.0 |
| 008 - Елементи от данни с фиксирана дължина | |
| fixed length control field | 180412b bul|||||r ||||||| ||bul|| |
| 010 ## - Наследен системен номер | |
| LC control number | KNG00006006000 |
| 020 ## - Международен стандартен номер на книга ISBN | |
| Международен стандартен номер на книга ISBN | 954-01-0476-9 |
| 040 ## - Източник на каталожния запис | |
| Идентификатор на билиотеката - собственик на записа | BLK |
| 041 ## - Код за език | |
| Код за езика на текст/звукозапис или на отделно заглавие | Български |
| Код за езика КДБФ | Български |
| 072 #7 - Код за тематичната категория | |
| Код организация | bullib |
| Код за тематична категория | К |
| Текст | Краезнание |
| 080 ## - УДК | |
| Текстов определител УДК | Период на феодализма в българските земи (VII век -I пол. на XVIII век) |
| УДК код - определител по УДК | 94(497.2)"06/17" |
| УДК определител | (092)(035) |
| УДК - код + определител | 94(497.2)"06/17"(092)(035) |
| 080 ## - УДК | |
| Текстов определител УДК | Биографии |
| УДК код - определител по УДК | 929 |
| УДК определител | (497.2) |
| УДК - код + определител | 929(497.2) |
| 100 1# - Редна дума - Автор | |
| Автор | Андреев, Йордан Киров |
| Авторска отговорност | първи автор |
| R(LIN) | 243125 |
| 139 ## - Редно поле | |
| Редна дума | Андреев, Йордан Киров и др. |
| Авторски знак | Андр - А 66 |
| 245 10 - Сведения за заглавието | |
| Заглавие | Кой кой е в средновековна България |
| Подзаглавни данни | Ист. справочник |
| Редно поле (дума) | Йордан Киров Андреев; съавт. Иван Костадинов Лазаров; съавт. Пламен Христов Павлов. |
| 257 ## - Страна на издаване | |
| Страна на създаване/издаване | България |
| 260 ## - Област на издателските данни | |
| Име на издателя, разпространителя и проч. | Просвета |
| Година на издаване | 1994 |
| Печатница | Русе : Дунав прес |
| 300 ## - Физическа характеристика | |
| Страници | 400 с. |
| Размери/Мащаб | 24 см |
| 380 ## - Жанр | |
| Жанр | История |
| 500 ## - Общи забележки | |
| Забележка | 5 000 тир. |
| 650 #4 - Допълнително описание по предмет – тема | |
| Основно описание – тема или топоним | България - история, средни векове - справочници |
| 9 (RLIN) | 244869 |
| 650 #4 - Допълнително описание по предмет – тема | |
| Основно описание – тема или топоним | Българи - биографии |
| 9 (RLIN) | 249240 |
| 651 #4 - Допълнително описание по предмет - топоним | |
| Географско понятие | България |
| 9 (RLIN) | 241624 |
| 653 ## - Ключова дума – ненормативна | |
| Ключова дума | България |
| 653 ## - Ключова дума – ненормативна | |
| Ключова дума | история |
| 653 ## - Ключова дума – ненормативна | |
| Ключова дума | Средновековие |
| 653 ## - Ключова дума – ненормативна | |
| Ключова дума | справочници |
| 653 ## - Ключова дума – ненормативна | |
| Ключова дума | българи |
| 653 ## - Ключова дума – ненормативна | |
| Ключова дума | биографии |
| 659 ## - Тематичен бюлетин | |
| Тематичен бюлетин | К |
| 700 1# - Други автори (авторска отговорност) | |
| Лично име | Лазаров, Иван Костадинов |
| Автороска отговорност (Описва отношението между автора и произведението) | съавт. |
| 9 (RLIN) | 363739 |
| 700 1# - Други автори (авторска отговорност) | |
| Лично име | Павлов, Пламен Христов |
| Дати, свързани с автора | 1958- |
| Друга информация | Историк, автор на поезия и проза |
| 9 (RLIN) | 105359 |
| 852 ## - Местоположение | |
| Форматна сигнатура | Цб 181023 |
| 852 ## - Местоположение | |
| Форматна сигнатура | К 94(497.2)/А 66 |
| 856 4# - Електронен адрес и достъп | |
| Електронен формат | pdf - файл |
| Път до файла /url/ | |
| 856 4# - Електронен адрес и достъп | |
| Електронен формат | pdf - файл |
| Път до файла /url/ | |
| 999 ## - СИСТЕМНИ КОНТРОЛНИ НОМЕРА | |
| Koha biblionumber | 4838 |
| Koha biblioitemnumber | 4838 |
| 942 ## - АРТИКУЛИ | |
| Вид на библиотечния материал | Книги |
| Скрит в OPAC | Не |
| Периодичен библиозапис | Да |
| Koha issues (borrowed), all copies | 1 |
| 944 ## - СЪЗДАВАНЕ И РЕДАКЦИЯ на ЗАПИСА | |
| Създаване/Редакция | Създаване |
| Дата на регистрацията/редакция | 15.01.2003 |
| Служител, извършил регистрацията/редакцията | Валя_Йорданова |
| 944 ## - СЪЗДАВАНЕ И РЕДАКЦИЯ на ЗАПИСА | |
| Създаване/Редакция | Редакция |
| Дата на регистрацията/редакция | 17.12.2012 |
| 999 ## - СИСТЕМНИ КОНТРОЛНИ НОМЕРА | |
| Koha biblioitemnumber | 4838 |
| Код за отписване | Код за изгубен артикул | Източник на класификационната схема | Код за повреда | Коз за рестрикции | Код за отдаване | Артикулен № | Име на библиотеката - собственик | Име на библиотеката, в която се намира в момента | Статус (Текущо местоположение) | Дата на вписване в системата | Местоположение - отдел | Цена в лева | Инвентарен номер | Систематично азбучна сигнатура | Баркод | Номер на екземпляра | Цена в евро | Служебна бележка | Служебен тип на артикула |
|---|---|---|---|---|---|---|---|---|---|---|---|---|---|---|---|---|---|---|---|
| Не е изгубен | Universal Decimal Classification | Не е повреден | без рестрикции | ползва се в читалня | 8563 | Регионална библиотека "Любен Каравелов" Русе | Регионална библиотека "Любен Каравелов" Русе | Хранилище | 2001-01-01 | Хранилище | 0.54 | 610224 | Цб 181023 | 120000610224 | 1 | 0.28 | Дост: Dp Вид: Д N: стар фонд Дата: 01.01.1994 Дата инв: 25.02.2015 Бележки инв: Цб2015 | Книги | |
| Не е изгубен | Universal Decimal Classification | Не е повреден | само за читалня | ползва се в читалня | 8564 | Регионална библиотека "Любен Каравелов" Русе | Регионална библиотека "Любен Каравелов" Русе | СБИД | 2001-01-01 | СБИД | 0.54 | 609775 | С 93/94/А 66 | 120000609775 | 2 | 0.28 | Дост: Pk Вид: Ф N: стар фонд Дата: 01.01.1994 Дата инв: 07.06.2017 Бележки инв: С2017 | Книги | |
| Изтеглен | Не е изгубен | Universal Decimal Classification | Не е повреден | без рестрикции | заемане за дома | 8565 | Регионална библиотека "Любен Каравелов" Русе | Регионална библиотека "Любен Каравелов" Русе | Детски отдел | 2001-01-01 | Детски отдел | 0.54 | 609777 | 94(497.2)"06/17"/А 66 Й | 120000609777 | 3 | 0.28 | Дост: Pk Вид: Ф N: стар фонд Дата: 01.01.1994 Дата инв: 08.02.2018 Бележки инв: П2018 | Книги |
| Не е изгубен | Universal Decimal Classification | Не е повреден | без рестрикции | ползва се в читалня | 8566 | Регионална библиотека "Любен Каравелов" Русе | Регионална библиотека "Любен Каравелов" Русе | Детски отдел - справочен фонд | 2001-01-01 | Детски отдел - справочен фонд | 0.54 | 609778 | СД 949.72(092)/А 66 | 120000609778 | 4 | 0.28 | Дост: Pk Вид: Ф N: стар фонд Дата: 01.01.1994 Дата инв: 20.11.2017 Бележки инв: СД2017 | Книги | |
| Изтеглен | Не е изгубен | Universal Decimal Classification | Не е повреден | без рестрикции | заемане за дома | 8567 | Регионална библиотека "Любен Каравелов" Русе | Регионална библиотека "Любен Каравелов" Русе | Заемна - подръчен фонд | 2001-01-01 | Заемна - подръчен фонд | 0.54 | 609779 | П 949.72.03(092)А 66 | 609779 | 5 | 0.28 | Дост: Pk Вид: Ф N: стар фонд Дата: 01.01.1994 | Книги |
| Не е изгубен | Universal Decimal Classification | Не е повреден | само за читалня | ползва се в читалня | 8568 | Регионална библиотека "Любен Каравелов" Русе | Регионална библиотека "Любен Каравелов" Русе | Краезнание | 2001-01-01 | Краезнание | 1.71 | 617689 | К 94(497.2)/А 66 | 120000617689 | 6 | 0.87 | Дост: Pk Вид: Ф N: стар фонд Дата: 01.01.1994 Дата инв: 06.11.2017 Бележки инв: К2017 | Книги |